|
|
|
|
| LEADER |
01199nam a22002651a 4500 |
| 001 |
000721532 |
| 003 |
CZ BrMZK |
| 005 |
20191106094722.0 |
| 007 |
ta |
| 008 |
040614s1951 xr e cze |
| 015 |
|
|
|a cnb000503839
|
| 035 |
|
|
|a (OCoLC)85306675
|
| 040 |
|
|
|a ABA001
|b cze
|c BOA001
|d ABA001
|d BOA001
|
| 100 |
1 |
|
|a Kamínek, Josef
|7 jx20050629023
|4 aut
|
| 245 |
1 |
0 |
|a Prověrkou norem k zvýšení výroby a rozkvětu naší vlasti :
|b úkoly mistrů, techniků, vedení závodů a odborových organisací v prověrce norem /
|c Josef Kamínek
|
| 260 |
|
|
|a Praha :
|b Práce,
|c 1951
|
| 300 |
|
|
|a 28 s. ;
|c 8°
|
| 500 |
|
|
|a 100750 výt.
|
| 550 |
|
|
|a Vydavatel: ÚRO, kulturně propagační oddělení
|
| 710 |
2 |
|
|a Revoluční odborové hnutí.
|b Ústřední rada odborů.
|b Kulturně propagační oddělení
|7 kn20050408020
|
| 910 |
|
|
|a BOA001
|b PK-0000.855
|b X-0273.531
|
| 990 |
|
|
|a BK
|
| 996 |
7 |
|
|b 2618815754
|c X-0273.531
|l MZK
|r Sklad / do 24 hodin
|n 0
|w 000721532
|u 000050
|a 1
|e BOA001
|j MZK50
|s A
|
| 996 |
6 |
|
|b 2618815755
|c X-0273.531
|l MZK
|r Sklad / do 24 hodin
|n 0
|w 000721532
|u 000040
|a 1
|e BOA001
|j MZK50
|s P
|
| 996 |
6 |
|
|b 3119682314
|c PK-0000.855
|l MZK
|r Sklad / do 1 hodiny
|n 0
|w 000721532
|u 000010
|a 1
|e BOA001
|j MZK50
|s P
|